[Event "Xtracon Chess Open 2018"]
[Site "Elsinore"]
[Date "2018.07.26"]
[Round "7"]
[White "Slettebo, Jan"]
[Black "Hansen, Simon L."]
[Result "0-1"]
[WhiteElo "1987"]
[BlackElo "1816"]
[EventDate "2018.07.21"]
[WhiteFideId "1704958"]
[BlackFideId "1446894"]

1.e4 c5 2.Nf3 d6 3.d4 cxd4 4.Nxd4 Nf6 5.Nc3 g6 6.Be3 Bg7 7.f3 O-O 8.Qd2 
Nc6 9.O-O-O Bd7 10.g4 Ne5 11.Be2 Rb8 12.h4 b5 13.h5 Nc4 14.Bxc4 bxc4 15.
hxg6 fxg6 16.Nd5 Nxd5 17.exd5 Qb6 18.c3 Qa5 0-1

[Event "Xtracon Chess Open 2018"]
[Site "Elsinore"]
[Date "2018.07.26"]
[Round "7"]
[White "Pavlov, Mikhail"]
[Black "Bengtsson, Jessica"]
[Result "1-0"]
[WhiteElo "1830"]
[BlackElo "1985"]
[EventDate "2018.07.21"]
[WhiteFideId "44126573"]
[BlackFideId "1711083"]

1.e4 c5 2.Nf3 Nc6 3.Bb5 e6 4.O-O Nge7 5.Re1 a6 6.Bf1 d5 7.exd5 Nxd5 8.d4 
Nf6 9.Be3 cxd4 10.Nxd4 Nxd4 11.Bxd4 Be7 12.c3 O-O 13.Nd2 Bd7 14.Nc4 Nd5 
15.Qb3 Qc8 16.g3 Bb5 17.a4 Bxc4 18.Bxc4 Rd8 19.Rad1 Qc6 20.Bf1 Rac8 21.Bg2
Rd7 22.Re5 Qc4 23.Qxc4 Rxc4 24.Bxd5 Rxd5 25.Rxd5 exd5 26.a5 Kf8 27.Be3 Ke8
28.Rxd5 Bd8 29.Bd4 f6 30.b4 Rc6 31.Kf1 b5 32.Rc5 Re6 33.Rc8 Kd7 34.Ra8 Rc6
35.Ke2 g6 36.Kd3 h5 37.Ra7+ Ke6 38.Rg7 Kf5 39.h3 g5 40.Rh7 Kg6 41.Rh8 Bc7 
42.Ke4 Rd6 43.Rc8 Rd7 44.g4 hxg4 45.hxg4 Kf7 46.Ra8 Be5 47.Rxa6 Re7 48.Kd3
Bxd4 49.cxd4 Re1 50.Rb6 Rd1+ 51.Ke4 Re1+ 52.Kd5 Rg1 53.a6 1-0

[Event "Xtracon Chess Open 2018"]
[Site "Elsinore"]
[Date "2018.07.26"]
[Round "7"]
[White "Rosell, Sven"]
[Black "Rolstad, Morten"]
[Result "1/2-1/2"]
[WhiteElo "1983"]
[BlackElo "1805"]
[EventDate "2018.07.21"]
[WhiteFideId "1707760"]
[BlackFideId "1525026"]

1.c4 c5 2.Nf3 g6 3.Nc3 Bg7 4.g3 Nc6 5.Bg2 e5 6.d3 Nge7 7.O-O O-O 8.Bd2 d6 
9.a3 h6 10.Rb1 a5 11.e4 Rb8 12.Nd5 b5 13.b4 axb4 14.axb4 Nxd5 15.cxd5 Nxb4
16.Bxb4 cxb4 17.Qb3 Qb6 18.Qxb4 Bg4 19.h3 Bxf3 20.Bxf3 Rfc8 21.Rb2 Rc5 22.
Ra1 Rbc8 23.Bg4 Rc2 24.Rf1 R8c3 25.Rxc2 Rxc2 26.Bd7 Bf6 27.Qxb5 Bd8 28.Be8
Qxb5 29.Bxb5 Bb6 30.Kg2 Kg7 31.g4 g5 32.Kf3 Bc5 33.Ba4 Ra2 34.Bd1 Ra1 35.
Be2 Rxf1 36.Bxf1 Kf6 37.Ke2 Ke7 38.f3 Kd7 39.Kd2 Kc7 40.Kc3 Kb7 41.Kb3 Bg1
42.Kb4 1/2-1/2

[Event "Xtracon Chess Open 2018"]
[Site "Elsinore"]
[Date "2018.07.26"]
[Round "7"]
[White "Larsen, Preben R."]
[Black "Ramkilde, Mikael"]
[Result "1-0"]
[WhiteElo "1803"]
[BlackElo "1971"]
[EventDate "2018.07.21"]
[WhiteFideId "1425790"]
[BlackFideId "1439391"]

1.e4 c5 2.Nf3 d6 3.d4 cxd4 4.Nxd4 Nf6 5.Nc3 g6 6.Be3 Bg7 7.Be2 O-O 8.Qd2 
Nc6 9.f3 Bd7 10.O-O a6 11.Nd5 Rc8 12.Rac1 Nxd5 13.exd5 Ne5 14.c4 Qc7 15.h3
f5 16.b4 Qb8 17.Kh1 Rc7 18.Rc2 Nf7 19.Rfc1 b6 20.b5 axb5 21.cxb5 Rxc2 22.
Rxc2 Rc8 23.Rxc8+ Qxc8 24.Nc6 Bxc6 25.bxc6 Qd8 26.Qb4 f4 27.Bxb6 Qb8 28.
Ba6 Qa8 29.Qb5 Nd8 30.c7 Nb7 31.Qc6 1-0

[Event "Xtracon Chess Open 2018"]
[Site "Elsinore"]
[Date "2018.07.26"]
[Round "7"]
[White "Mai, Alexander Oliver"]
[Black "Schouten, Mathias Lind"]
[Result "1/2-1/2"]
[WhiteElo "1966"]
[BlackElo "1784"]
[EventDate "2018.07.21"]
[WhiteFideId "2313391"]
[BlackFideId "1532790"]

1.Nf3 Nf6 2.e3 c5 3.d4 cxd4 4.exd4 d5 5.Be2 Bf5 6.O-O e6 7.c3 Bd6 8.Nbd2 
h6 9.Re1 O-O 10.Nf1 Nc6 11.Ng3 Bh7 12.Bd3 Bxd3 13.Qxd3 a6 14.a4 Qc7 15.Ne2
Rab8 16.g3 Rfc8 17.Bf4 Bxf4 18.Nxf4 Na5 19.Ne5 Nc4 20.Nxc4 Qxc4 21.Qxc4 
Rxc4 22.f3 Ne8 23.Nd3 a5 24.Kf2 Nd6 25.Rec1 b6 26.Ke3 Kf8 27.Kd2 g5 28.b3 
Rc7 29.Rc2 Rbc8 30.Rac1 Ke7 31.Nf2 Rc6 32.Kd3 R6c7 33.Nd1 h5 34.Ne3 Kf6 
35.c4 Nf5 36.Nxf5 Kxf5 37.Re1 g4 38.Re5+ Kg6 39.f4 Rc6 40.f5+ Kh6 41.fxe6 
fxe6 42.Rf2 dxc4+ 43.bxc4 Rxc4 44.Rxe6+ Kg7 45.Rxb6 Rxa4 46.Rb7+ Kg6 47.
Rb6+ Kg5 48.Rb5+ Kg6 49.Rb6+ Kg5 1/2-1/2

[Event "Xtracon Chess Open 2018"]
[Site "Elsinore"]
[Date "2018.07.26"]
[Round "7"]
[White "Hinrichs, Kurt"]
[Black "Bremer, Erik"]
[Result "0-1"]
[WhiteElo "1223"]
[BlackElo "1476"]
[EventDate "2018.07.21"]
[WhiteFideId "12994057"]
[BlackFideId "1411578"]

1.d4 d5 2.Bf4 Nf6 3.e3 e6 4.c3 c5 5.Nf3 Nc6 6.h3 Be7 7.Nbd2 O-O 8.Be2 b6 
9.O-O Bb7 10.Re1 Rc8 11.a3 Re8 12.b4 cxd4 13.cxd4 Nd7 14.Rb1 Nf8 15.Ne5 f6
16.Nxc6 Bxc6 17.Rc1 Ng6 18.Bh2 Bd6 19.Bxd6 Qxd6 20.g3 e5 21.Bg4 Bd7 22.
Rxc8 Rxc8 23.Bxd7 Qxd7 24.Kg2 e4 25.f3 f5 26.f4 Rc3 27.Qa1 Qc8 28.Re2 Rc2 
29.Kf2 Ne7 30.h4 h6 31.Qb1 Qc3 32.Qb3 0-1

[Event "Xtracon Chess Open 2018"]
[Site "Elsinore"]
[Date "2018.07.26"]
[Round "7"]
[White "Hyldkrog, Lars"]
[Black "Rygg, Andreas Gangstad"]
[Result "1/2-1/2"]
[WhiteElo "1961"]
[BlackElo "1759"]
[EventDate "2018.07.21"]
[WhiteFideId "1402781"]
[BlackFideId "1527754"]

1.e4 c5 2.Nf3 g6 3.d4 cxd4 4.Nxd4 Bg7 5.c4 Nc6 6.Be3 Nf6 7.Nc3 Ng4 8.Qxg4 
Nxd4 9.Qd1 Nc6 10.Qd2 O-O 11.Be2 d6 12.O-O Be6 13.Rad1 Rc8 14.Bh6 Nd4 15.
Bxg7 Nxe2+ 16.Nxe2 Kxg7 17.b3 f6 18.Kh1 Qc7 19.Nd4 Bd7 20.f4 Qc5 21.f5 a6 
22.Rf3 g5 23.Rh3 Rh8 24.Qe2 Qe5 25.Nf3 Qf4 26.Nd4 Qe5 27.Nf3 Qf4 28.Nd4 
Qe5 1/2-1/2

[Event "Xtracon Chess Open 2018"]
[Site "Elsinore"]
[Date "2018.07.26"]
[Round "7"]
[White "Mielow, Bjarne"]
[Black "Nielsen, Morten Majlund"]
[Result "1/2-1/2"]
[WhiteElo "1730"]
[BlackElo "1959"]
[EventDate "2018.07.21"]
[WhiteFideId "1415484"]
[BlackFideId "1445448"]

1.Nf3 Nf6 2.g3 b6 3.Bg2 Bb7 4.O-O e6 5.b3 Be7 6.Bb2 c5 7.d3 d5 8.e3 O-O 9.
Nbd2 Nc6 10.a3 Qc7 11.c4 Rfd8 12.cxd5 exd5 13.Rc1 Ba6 14.Qc2 Rac8 15.Rfe1 
Qd7 16.Qb1 Ne8 17.d4 cxd4 18.exd4 Bf6 19.b4 Nd6 20.Ne5 Bxe5 21.dxe5 Nc4 
22.Nxc4 Bxc4 23.Rcd1 b5 24.Qc1 Qf5 25.Qe3 a5 26.bxa5 Nxa5 27.Qc3 Nb3 28.e6
d4 29.exf7+ Qxf7 30.Qb4 Rf8 31.f4 Rfe8 32.Bxd4 Nxd4 33.Rxd4 Qa7 34.Rd1 
Rcd8 35.Qc3 Rd6 36.Kh1 Rxd4 37.Rxd4 Kh8 38.h4 h6 39.Kh2 Re2 40.Kh3 Qe7 41.
Rd2 Be6+ 42.Kh2 Bg4 43.Qd3 Kg8 44.Rxe2 Qxe2 45.Qxe2 Bxe2 46.Bd5+ Kf8 47.
Kg2 Ke7 48.Kf2 Bd1 49.Bf3 Bb3 50.h5 Kd6 51.Ke3 Be6 52.Kd4 Bd7 53.g4 Be8 
54.g5 hxg5 55.fxg5 Ke6 56.h6 gxh6 57.gxh6 Kf6 58.Be4 Bh5 59.Bd3 b4 60.axb4
Be8 61.Kc5 Ba4 62.b5 Bxb5 63.Kxb5 Kf7 64.Bh7 Kf6 65.Bg8 Kg6 1/2-1/2

[Event "Xtracon Chess Open 2018"]
[Site "Elsinore"]
[Date "2018.07.26"]
[Round "7"]
[White "Saravana, Vedant Kumar"]
[Black "Munshi, Aditya"]
[Result "1/2-1/2"]
[WhiteElo "1691"]
[BlackElo "1953"]
[EventDate "2018.07.21"]
[WhiteFideId "45059730"]
[BlackFideId "436720"]

1.e4 c5 2.Nf3 d6 3.d4 cxd4 4.Nxd4 Nf6 5.Nc3 a6 6.Be3 e5 7.Nf3 Be7 8.h3 Qc7
9.Be2 Nbd7 10.O-O O-O 11.Rc1 b6 12.Nh2 Bb7 13.Bf3 Nc5 14.Bxc5 dxc5 15.Qe2 
b5 16.Ng4 Nxg4 17.Bxg4 g6 18.Rcd1 Rad8 19.Rxd8 Rxd8 20.Rd1 Kg7 21.Rxd8 
Qxd8 22.Qd3 c4 23.Qxd8 Bxd8 24.Bd7 Bb6 25.Nd5 Bc5 26.Kf1 f5 27.f3 fxe4 28.
fxe4 Kf7 29.Ke2 Bxd5 30.exd5 Ke7 31.Bc8 a5 32.Kf3 Kd6 33.Ke4 b4 34.Ba6 Bd4
35.b3 cxb3 36.cxb3 Bc3 37.Bc8 h5 38.g4 hxg4 39.hxg4 1/2-1/2

[Event "Xtracon Chess Open 2018"]
[Site "Elsinore"]
[Date "2018.07.26"]
[Round "7"]
[White "Haraldsson, Leif"]
[Black "Hansen, Tommy"]
[Result "1-0"]
[WhiteElo "1942"]
[BlackElo "1732"]
[EventDate "2018.07.21"]
[WhiteFideId "1710648"]
[BlackFideId "1511009"]

1.f4 d5 2.Nf3 Bg4 3.e3 Nd7 4.h3 Bxf3 5.Qxf3 e5 6.d3 Ngf6 7.Nc3 c6 8.Be2 
exf4 9.exf4 Bc5 10.Bd2 b5 11.g4 Nb6 12.g5 Nfd7 13.h4 b4 14.Nd1 Qc7 15.a3 
bxa3 16.b4 Bd6 17.Rxa3 a5 18.Rxa5 O-O 19.Rxa8 Rxa8 20.h5 d4 21.g6 fxg6 22.
hxg6 h6 23.Qe4 Nf8 24.f5 Nd5 25.Qxd4 Be5 26.Qc4 Bg3+ 27.Kf1 Qe5 28.Bg4 Re8
29.Qxc6 Be1 30.Bf3 1-0

[Event "Xtracon Chess Open 2018"]
[Site "Elsinore"]
[Date "2018.07.26"]
[Round "7"]
[White "Mehringer, Joerg"]
[Black "Woltery, Nicolai"]
[Result "0-1"]
[WhiteElo "1933"]
[BlackElo "1715"]
[EventDate "2018.07.21"]
[WhiteFideId "12915351"]
[BlackFideId "436887"]

1.e4 c5 2.g3 d5 3.exd5 Qxd5 4.Nf3 Bg4 5.Bg2 Qe6+ 6.Kf1 Nc6 7.h3 Bh5 8.d3 
Qd7 9.Na3 e6 10.Nc4 f6 11.a4 Rc8 12.Be3 b6 13.Kg1 Nge7 14.Kh2 Nd5 15.Re1 
Be7 16.Qe2 Bf7 17.Bd2 O-O 18.Nh4 Rfe8 19.c3 Bf8 20.f4 Nce7 21.Qe4 Ng6 22.
Nf3 Nge7 23.Qe2 Nf5 24.g4 Nd6 25.Ne3 Nxf4 26.Qf1 Nb7 27.d4 Bd6 28.Kg1 Na5 
29.Qb5 Qxb5 30.axb5 c4 31.Ra4 Nd5 32.Nc2 Re7 33.Nb4 Nxb4 34.cxb4 Nb3 35.
Bc3 Be8 36.Nd2 Bxb5 37.Ra3 Nxd2 38.Bxd2 a5 39.Rae3 Bxb4 40.Bxb4 axb4 41.
Bd5 Kf8 42.Bxe6 Bd7 43.d5 Bxe6 44.dxe6 Rc6 45.Kf2 c3 46.bxc3 bxc3 47.Rc1 
c2 48.Re2 Rexe6 49.Rexc2 Rxc2+ 50.Rxc2 Kf7 51.Rc7+ Re7 52.Rc6 Rb7 53.Rc4 
b5 54.Rb4 Ke6 55.Ke3 Kd5 56.Kd3 Kc5 57.Rb1 Rd7+ 58.Kc3 Re7 59.Kd3 Ra7 60.
Rc1+ Kb6 61.Rc3 b4 62.Rc8 Rc7 63.Rb8+ Ka5 64.Ra8+ Kb5 65.Rb8+ Ka4 66.Ra8+ 
Kb3 67.Rb8 Rc3+ 68.Kd2 Rxh3 69.Rb7 g6 70.Rf7 Kb2 71.Rxf6 b3 72.Rf7 Rh2+ 
73.Kd3 h5 74.gxh5 gxh5 75.Rh7 Kb1 76.Kc3 b2 77.Rh6 Rh3+ 78.Kd2 Ka2 79.Ra6+
Ra3 0-1

[Event "Xtracon Chess Open 2018"]
[Site "Elsinore"]
[Date "2018.07.26"]
[Round "7"]
[White "Kizatbay, Alseit"]
[Black "Weber, Andreas"]
[Result "1-0"]
[WhiteElo "1932"]
[BlackElo "1693"]
[EventDate "2018.07.21"]
[WhiteFideId "13712209"]
[BlackFideId "24652504"]

1.d4 d5 2.c4 Nc6 3.e3 e5 4.cxd5 Qxd5 5.Nc3 Bb4 6.Bd2 Bxc3 7.bxc3 Qd6 8.Bc4
Be6 9.Bxe6 fxe6 10.Qb3 Nf6 11.Ne2 O-O 12.O-O b6 13.Bc1 Qd7 14.a4 a6 15.Ba3
Na5 16.Qc2 Rf7 17.dxe5 Nd5 18.c4 Ne7 19.Rad1 Qe8 20.Rd3 Ng6 21.f4 c5 22.
Rfd1 Nh4 23.Ng3 b5 24.axb5 axb5 25.Bxc5 Nxc4 26.Ne4 Qc6 27.Rd8+ Rf8 28.
Rxf8+ Rxf8 29.Bxf8 Nxg2 30.Qxg2 Kxf8 31.Rd8+ 1-0

[Event "Xtracon Chess Open 2018"]
[Site "Elsinore"]
[Date "2018.07.26"]
[Round "7"]
[White "Overmark, Ole"]
[Black "Henningsen, Lasse"]
[Result "0-1"]
[WhiteElo "1688"]
[BlackElo "1930"]
[EventDate "2018.07.21"]
[WhiteFideId "1410776"]
[BlackFideId "1425315"]

1.c4 e6 2.d4 Nf6 3.Nc3 d5 4.Bg5 Be7 5.Nf3 c6 6.cxd5 exd5 7.Rc1 h6 8.Bd2 
Bf5 9.e3 O-O 10.Ne5 Re8 11.Qb3 Qc8 12.Be2 Nbd7 13.O-O Bd6 14.f4 Ne4 15.
Nxe4 Bxe4 16.Bf3 Bxf3 17.Rxf3 Nf6 18.Bb4 Ne4 19.Bxd6 Nxd6 20.Rcf1 f6 21.
Nd3 Nc4 22.Nf2 Nd2 23.Qd1 Nxf3+ 24.Qxf3 Qe6 25.Re1 Rac8 26.f5 Qf7 27.Nd3 
b6 28.Nf4 Re4 29.Ne6 Rxe6 30.fxe6 Qxe6 31.Rc1 c5 32.dxc5 bxc5 33.h3 Qe5 
34.Qf2 Rb8 35.Rxc5 Rxb2 36.Qf4 Qxf4 37.exf4 Rxa2 38.Rxd5 Kf8 39.Rd7 a5 40.
Ra7 h5 41.h4 a4 42.Ra5 g6 43.Ra7 a3 44.Kh2 Ke8 45.Kg3 Ra1 46.f5 gxf5 47.
Ra5 a2 48.Ra7 f4+ 49.Kf2 Kd8 50.Ra3 Kd7 51.Ke2 Rg1 0-1

[Event "Xtracon Chess Open 2018"]
[Site "Elsinore"]
[Date "2018.07.26"]
[Round "7"]
[White "Hafstad, Leif"]
[Black "Nielsen, Jorgen Lovgren"]
[Result "1/2-1/2"]
[WhiteElo "1817"]
[BlackElo "2051"]
[EventDate "2018.07.21"]
[WhiteFideId "438030"]
[BlackFideId "1403850"]

1.e4 e5 2.Nf3 Nc6 3.Bb5 Nf6 4.d3 d6 5.c3 Bd7 6.O-O Be7 7.Nbd2 O-O 8.Re1 g6
9.Nf1 a6 10.Ba4 b5 11.Bc2 Nh5 12.Bh6 Re8 13.Ne3 Bf8 14.Bxf8 Rxf8 15.Nd5 
Na5 16.Qd2 Kg7 17.a4 c6 18.Ne3 Nf4 19.d4 Qe7 20.axb5 axb5 21.dxe5 dxe5 22.
Nxe5 Qxe5 23.Qxd7 Rfd8 24.Qg4 Nc4 25.Nxc4 Rxa1 26.Rxa1 bxc4 27.g3 Nd3 28.
Rd1 Qb5 29.Qe2 Qb6 30.Bxd3 cxd3 31.Rxd3 Rxd3 32.Qxd3 Qxb2 33.Qc4 Qb7 34.
Qd4+ Kg8 35.c4 Qb4 36.e5 c5 37.Qd5 Kg7 38.Kg2 Kg8 39.h4 h5 40.e6 fxe6 41.
Qxe6+ Kg7 42.Qe7+ Kg8 43.Qe6+ Kg7 44.Kh2 Qa3 45.Qe7+ Kg8 46.Qf6 Kh7 47.
Qf7+ Kh6 48.Qg8 Qc3 49.Qf8+ Kh7 50.Qxc5 Kg7 51.Qe7+ Kg8 52.c5 Qf3 53.Qe3 
Qc6 54.Qd4 Kh7 55.Qd6 Qf3 56.Qf4 Qc6 57.Qf7+ Kh8 58.Kg1 Qxc5 59.Qxg6 Qxf2+
1/2-1/2

[Event "Xtracon Chess Open 2018"]
[Site "Elsinore"]
[Date "2018.07.26"]
[Round "7"]
[White "Andersson, Lars"]
[Black "Kristian, Pade Frederiksen"]
[Result "1-0"]
[WhiteElo "2022"]
[BlackElo "1808"]
[EventDate "2018.07.21"]
[WhiteFideId "1706772"]
[BlackFideId "1435205"]

1.d4 Nf6 2.Bf4 g6 3.e3 Bg7 4.Be2 d6 5.Nf3 O-O 6.O-O b6 7.c3 Bb7 8.h3 Nbd7 
9.Nbd2 Qe8 10.a4 e5 11.dxe5 Nxe5 12.a5 Nh5 13.Bh2 Nxf3+ 14.Nxf3 f5 15.a6 
Bc8 16.Ng5 Nf6 17.Bc4+ Kh8 18.Qb3 h6 19.Ne6 Bxe6 20.Bxe6 Ne4 21.Qa2 c6 22.
Bc4 Be5 23.Bxe5+ Qxe5 24.Bd3 f4 25.Bxe4 Qxe4 26.exf4 Qxf4 27.Qe6 Qf6 28.
Rae1 Kg7 29.Qd7+ Rf7 30.Qxc6 Raf8 31.Qd5 Qh4 32.Qxd6 Rxf2 33.Qe7+ 1-0

[Event "Xtracon Chess Open 2018"]
[Site "Elsinore"]
[Date "2018.07.26"]
[Round "7"]
[White "Askerov, Imamali"]
[Black "Ponomarev, Denis"]
[Result "1/2-1/2"]
[WhiteElo "1970"]
[BlackElo "1797"]
[EventDate "2018.07.21"]
[WhiteFideId "12974498"]
[BlackFideId "44136650"]

1.e4 c5 2.Nf3 e6 3.d4 cxd4 4.Nxd4 Nc6 5.Nc3 Qc7 6.Be3 a6 7.Be2 Nf6 8.O-O 
Bb4 9.Na4 O-O 10.Nxc6 bxc6 11.Nb6 Rb8 12.Nxc8 Rfxc8 13.Bxa6 Rd8 14.Bd3 Bd6
15.f4 e5 16.f5 Bf8 17.b3 d5 18.Qf3 h6 19.g4 Qa5 20.Rfd1 Bc5 21.h3 Qc3 22.
Bxc5 Qxc5+ 23.Kg2 Qc3 24.a3 Qb2 25.Kg3 dxe4 26.Bxe4 Nxe4+ 27.Qxe4 Rxd1 28.
Rxd1 Qxa3 29.Re1 Rd8 30.Qxe5 Qb4 31.Re2 c5 32.Re4 Qb7 33.Kf4 Rd4 34.Qe8+ 
Kh7 35.Kf3 Rd2 36.Qe7 Qd5 37.Qe5 Qc6 38.Qe8 Qf6 39.Qe5 Qg5 40.Qg3 Qd8 41.
Re2 Rxc2 42.Rxc2 Qd3+ 43.Kf4 Qxc2 44.Qe3 1/2-1/2

[Event "Xtracon Chess Open 2018"]
[Site "Elsinore"]
[Date "2018.07.26"]
[Round "7"]
[White "Schrodt, Sebastian"]
[Black "Densing, Gerd"]
[Result "1-0"]
[WhiteElo "1955"]
[BlackElo "1794"]
[EventDate "2018.07.21"]
[WhiteFideId "24675563"]
[BlackFideId "24621013"]

1.Nf3 b6 2.g3 Bb7 3.c4 e6 4.Bg2 f5 5.O-O Nf6 6.d3 Be7 7.Nc3 O-O 8.Be3 Qc8 
9.Re1 d6 10.Qc2 Nbd7 11.b4 Ne5 12.Nxe5 dxe5 13.Bxb7 Qxb7 14.b5 Ng4 15.Qd2 
Nxe3 16.Qxe3 Bd6 17.a4 Rae8 18.Reb1 Qc8 19.a5 Qd8 20.axb6 axb6 21.Ra2 Qf6 
22.Rba1 Bc5 23.Qd2 Qg6 24.e3 f4 25.Ne4 f3 26.Nxc5 bxc5 27.Qd1 Rd8 28.Rd2 
h5 29.h3 Qf5 30.Kh2 Qf6 31.Ra7 Rc8 32.d4 exd4 33.exd4 cxd4 34.Rxd4 Qe5 35.
Ra2 Qc5 36.Rad2 c6 37.Qb3 Rb8 38.Qe3 Rfe8 39.Re4 Qxe3 40.Rxe3 cxb5 41.cxb5
Rf8 42.Re5 Rf5 43.Rxf5 exf5 44.Rd5 g6 45.g4 hxg4 46.hxg4 fxg4 47.Kg3 Kf7 
48.Kxg4 Ke6 49.Rg5 Kf6 50.Rc5 Ra8 51.Rc4 Ra3 52.Rb4 g5 53.b6 1-0

[Event "Xtracon Chess Open 2018"]
[Site "Elsinore"]
[Date "2018.07.26"]
[Round "7"]
[White "Jarlnaes, Erik"]
[Black "Nord, Alexander"]
[Result "1/2-1/2"]
[WhiteElo "1930"]
[BlackElo "1763"]
[EventDate "2018.07.21"]
[WhiteFideId "1414623"]
[BlackFideId "1738135"]

1.c4 e5 2.Nc3 Nf6 3.g3 d5 4.cxd5 Nxd5 5.Bg2 Be6 6.d3 Be7 7.Nf3 Nc6 8.O-O 
O-O 9.h4 h6 10.a3 Kh8 11.Bd2 Nb6 12.b4 a6 13.Rc1 f5 14.Na4 Nxa4 15.Qxa4 e4
16.Rxc6 bxc6 17.Ne5 Kh7 1/2-1/2

[Event "Xtracon Chess Open 2018"]
[Site "Elsinore"]
[Date "2018.07.26"]
[Round "7"]
[White "Manz, Andreas"]
[Black "Stage-Steffensen, Sander"]
[Result "1/2-1/2"]
[WhiteElo "1791"]
[BlackElo "1928"]
[EventDate "2018.07.21"]
[WhiteFideId "24660108"]
[BlackFideId "1455796"]

1.d4 Nf6 2.Bf4 d5 3.e3 Bf5 4.c4 e6 5.Qb3 Nc6 6.Nc3 Bb4 7.a3 Bxc3+ 8.bxc3 
Na5 9.Qb4 c6 10.Bg5 dxc4 11.Bxc4 Nxc4 12.Qxc4 Qd5 13.Qxd5 exd5 14.Bxf6 
gxf6 15.Ne2 h5 16.h4 a5 17.Nf4 Ra6 18.Kd2 Rb6 19.Nd3 Kd8 20.Rhb1 Rxb1 21.
Rxb1 Kc7 22.Rb2 b6 23.Nf4 Bg6 24.Rb3 Rb8 25.Nd3 Be4 26.g3 Rb7 27.Nf4 Bf3 
28.Nd3 Ra7 29.Rb2 Ra6 30.Nf4 Ra7 31.Nd3 Rb7 32.Nf4 c5 33.dxc5 bxc5 34.
Rxb7+ Kxb7 35.c4 Kc6 36.cxd5+ Kd6 37.Kd3 a4 38.Kc4 f5 39.Kc3 Ke5 40.Kc4 
Kd6 1/2-1/2

[Event "Xtracon Chess Open 2018"]
[Site "Elsinore"]
[Date "2018.07.26"]
[Round "7"]
[White "Christensen, Benny"]
[Black "Andersen, Dag"]
[Result "1/2-1/2"]
[WhiteElo "1754"]
[BlackElo "1915"]
[EventDate "2018.07.21"]
[WhiteFideId "1429949"]
[BlackFideId "1504568"]

1.d4 Nf6 2.Nf3 e6 3.c3 c5 4.e3 cxd4 5.exd4 b6 6.Bf4 Bb7 7.Nbd2 a6 8.Bd3 d6
9.h3 Be7 10.O-O Nbd7 11.Re1 O-O 12.Bh2 h6 13.Re2 Qc7 14.Qb3 Rfe8 15.Rae1 
Bf8 16.Ne4 Nxe4 17.Bxe4 Bxe4 18.Rxe4 Nf6 19.R4e2 b5 20.a4 Qc6 21.axb5 axb5
22.Nd2 Ra4 23.Ne4 Nxe4 24.Rxe4 d5 25.R4e3 Rea8 26.Kh1 Qa6 27.g4 b4 28.Kg2 
bxc3 29.bxc3 Ra3 30.Qc2 Ra2 31.Qd3 Qa4 32.Bg3 Rc8 33.Rb1 Rc2 34.Qd1 Ra2 
35.Qxa4 Rxa4 36.Rb8 Rac4 37.Kf1 Rxb8 38.Bxb8 Ba3 39.Ke2 Kf8 40.Kd2 Ke7 
1/2-1/2

[Event "Xtracon Chess Open 2018"]
[Site "Elsinore"]
[Date "2018.07.26"]
[Round "7"]
[White "Voll, Oddvar U"]
[Black "Larsen, Mette Dalsgaard"]
[Result "1-0"]
[WhiteElo "1915"]
[BlackElo "1682"]
[EventDate "2018.07.21"]
[WhiteFideId "1533827"]
[BlackFideId "1430718"]

1.e4 e6 2.d4 d5 3.Nd2 c5 4.c3 cxd4 5.cxd4 dxe4 6.Nxe4 Nf6 7.Nc3 Be7 8.Nf3 
O-O 9.Bd3 Nc6 10.O-O b6 11.Bg5 Bb7 12.Rc1 Rc8 13.Bb1 Nb4 14.a3 Nbd5 15.Re1
Re8 16.Qd3 g6 17.h4 Nh5 18.Ne4 Rxc1 19.Rxc1 f5 20.Nc3 Ndf4 21.Bxf4 Nxf4 
22.Qe3 Bd6 23.g3 Nh5 24.Ba2 Kg7 25.Ng5 Ba8 26.f4 h6 27.Nh3 Nf6 28.Nf2 h5 
29.Qd2 Bb7 30.Nh3 Ne4 31.Qe3 e5 32.Nxe4 exd4 33.Qxd4+ Kh6 34.Nxd6 1-0

[Event "Xtracon Chess Open 2018"]
[Site "Elsinore"]
[Date "2018.07.26"]
[Round "7"]
[White "Poulsen, Knud"]
[Black "Nielsen, Carsten Juul"]
[Result "1-0"]
[WhiteElo "1760"]
[BlackElo "1909"]
[EventDate "2018.07.21"]
[WhiteFideId "1422324"]
[BlackFideId "1402242"]

1.c4 Nf6 2.Nc3 e6 3.a3 b6 4.e4 e5 5.g3 Nc6 6.Bg2 Bc5 7.b4 Bd4 8.Nge2 d6 9.
Nxd4 Nxd4 10.h3 O-O 11.O-O a5 12.b5 Be6 13.d3 Qc8 14.Kh2 Rb8 15.Be3 c5 16.
bxc6 Nxc6 17.Nb5 Ne8 18.g4 Qd7 19.f4 exf4 20.Bxf4 Ne5 21.a4 f6 22.Nd4 Nc7 
23.Bg3 Na6 24.Ra3 Nb4 25.Nb5 Rfd8 26.Rg1 Rbc8 27.Bf2 Rb8 28.Bf1 Qb7 29.Rg3
Rbc8 30.Be2 Ng6 31.Qg1 Nf4 32.Bf1 Rb8 33.Nd4 Bd7 34.g5 fxg5 35.Rxg5 Ne6 
36.Rg3 g6 37.Nf5 Be8 38.Be1 Rd7 39.Qf2 Bf7 40.Bc3 Kf8 41.Nh6 Nc6 42.Qf6 
Ne5 43.Ng4 Nxg4+ 44.hxg4 Qc7 45.Rf3 Ke8 46.Qh8+ Ke7 1-0

[Event "Xtracon Chess Open 2018"]
[Site "Elsinore"]
[Date "2018.07.26"]
[Round "7"]
[White "Lindgaard, Tobias Simon"]
[Black "Degerfeldt, Sven"]
[Result "1-0"]
[WhiteElo "1746"]
[BlackElo "1902"]
[EventDate "2018.07.21"]
[WhiteFideId "1419820"]
[BlackFideId "1717430"]

1.c4 Nf6 2.g3 c6 3.Bg2 d5 4.Qc2 g6 5.Nf3 Bg7 6.O-O O-O 7.d3 e6 8.e4 Nbd7 
9.Bf4 Re8 10.Bd6 Bf8 11.Bxf8 Kxf8 12.e5 Ng8 13.Nbd2 Kg7 14.Rfe1 Ne7 15.d4 
Nf5 16.c5 Nf8 17.b4 Bd7 18.a4 a5 19.Reb1 axb4 20.Rxb4 Bc8 21.Qb3 h6 22.Nf1
Nd7 23.Ne3 Nxe3 24.fxe3 Rf8 25.Qc2 Qe7 26.Rb2 f6 27.Nh4 f5 28.Bf1 g5 29.
Ng2 Rf7 30.a5 Nf8 31.Bd3 Qc7 32.Rba2 Qd8 33.Qb2 Ng6 34.Qb6 Qc7 35.a6 bxa6 
36.Bxa6 Bxa6 37.Rxa6 Rxa6 38.Rxa6 Qxb6 39.cxb6 Nf8 40.Ra7 Nd7 41.b7 Nb8 
42.Ne1 Rc7 43.Nd3 Kf7 44.Nc5 Ke7 45.Ra8 Nd7 46.b8=Q Nxb8 47.Rxb8 Ra7 48.
Rb7+ 1-0

[Event "Xtracon Chess Open 2018"]
[Site "Elsinore"]
[Date "2018.07.26"]
[Round "7"]
[White "Halberg, Jesper"]
[Black "Skjoldager, Flemming"]
[Result "0-1"]
[WhiteElo "1702"]
[BlackElo "1902"]
[EventDate "2018.07.21"]
[WhiteFideId "1451278"]
[BlackFideId "1406515"]

1.d4 Nf6 2.Bf4 b6 3.e3 Bb7 4.Nf3 e6 5.c3 d6 6.h3 Be7 7.Bd3 Nbd7 8.O-O c5 
9.Qe2 O-O 10.Nbd2 Rc8 11.e4 cxd4 12.cxd4 Nh5 13.Bh2 g6 14.Nc4 Ndf6 15.Rfe1
Bxe4 16.g4 Ng7 17.Bxe4 Nxe4 18.Ncd2 Nxd2 19.Qxd2 Rc4 20.b3 Rc7 21.Rac1 Qd7
22.Rxc7 Qxc7 23.Rc1 Qb7 24.Qc3 Rd8 25.Qc6 Qxc6 26.Rxc6 Ne8 27.Nd2 Bf6 28.
Nf3 Kf8 29.Bg3 Ke7 30.Bh4 Bxh4 31.Nxh4 Kd7 32.Rc3 Rc8 33.Rxc8 Kxc8 34.f4 
Kd7 35.Kf2 Kc6 36.Ke3 Kd5 37.f5 Nc7 38.fxg6 fxg6 39.Nf3 h6 40.g5 hxg5 41.
Nxg5 Nb5 42.Nf3 Nc3 43.a4 Ne4 44.h4 e5 45.dxe5 dxe5 46.Ne1 Ng3 47.Kf3 Nf5 
48.Kg4 e4 49.h5 gxh5+ 50.Kxf5 Kd4 51.Kf4 Kc3 52.Kxe4 Kxb3 53.Kf4 Kxa4 54.
Kg5 b5 55.Kxh5 b4 56.Kg4 b3 57.Nd3 Ka3 58.Kf4 a5 59.Ke3 b2 60.Nxb2 Kxb2 
0-1

[Event "Xtracon Chess Open 2018"]
[Site "Elsinore"]
[Date "2018.07.26"]
[Round "7"]
[White "Leonhardsen, Vebjorn Maanum"]
[Black "Rasmussen, Morten Fredsgaard"]
[Result "1-0"]
[WhiteElo "1726"]
[BlackElo "1901"]
[EventDate "2018.07.21"]
[WhiteFideId "1539515"]
[BlackFideId "1410636"]

1.d4 e6 2.Nf3 f5 3.g3 b6 4.Bg2 Bb7 5.O-O Nf6 6.Bg5 h6 7.Bxf6 Qxf6 8.Nbd2 
Bd6 9.Re1 O-O 10.c3 c5 11.e3 Be4 12.Qe2 Be7 13.Nxe4 fxe4 14.Ne5 d5 15.Rf1 
Bd6 16.f3 Qg5 17.fxe4 Bxe5 18.dxe5 Nc6 19.exd5 Nxe5 20.dxe6 Rad8 21.Rf4 c4
22.Raf1 Qe7 23.Bh3 g5 24.Rf5 Qd6 25.Qh5 Kg7 26.Qe2 Kg8 27.e4 Rfe8 28.Rf6 
Qc5+ 29.Kh1 Rf8 30.Qh5 Rxf6 31.Rxf6 Rf8 32.e7 Qxe7 33.Be6+ Nf7 34.Qg6+ Kh8
35.Bxf7 Rxf7 36.Rxf7 1-0

[Event "Xtracon Chess Open 2018"]
[Site "Elsinore"]
[Date "2018.07.26"]
[Round "7"]
[White "Alfven, Jorgen"]
[Black "Loveid, Erik"]
[Result "1/2-1/2"]
[WhiteElo "1896"]
[BlackElo "1715"]
[EventDate "2018.07.21"]
[WhiteFideId "1715950"]
[BlackFideId "1520067"]

1.d4 d6 2.Nf3 Bg4 3.e4 Nd7 4.Bc4 e5 5.c3 Ngf6 6.h3 Bh5 7.O-O Be7 8.Nbd2 
O-O 9.Re1 c6 10.Nf1 Nxe4 11.Rxe4 d5 12.Re1 e4 13.Be2 exf3 14.Bxf3 Bg6 15.
Bf4 Nf6 16.Ng3 Qd7 17.Be5 b6 18.Qd2 Bf5 19.Qf4 Bg6 20.h4 h6 21.Re2 Ne8 22.
h5 Bh7 23.Bg4 Qd8 24.Bf5 Nd6 25.Bxh7+ Kxh7 26.Qg4 f6 27.Qg6+ Kh8 28.Bf4 
Qe8 29.Qxe8 Rfxe8 30.Rae1 Bf8 31.Bxd6 Rxe2 32.Rxe2 Bxd6 33.Nf5 Bf8 34.Re6 
Rc8 35.Nh4 Kg8 36.Ng6 Kf7 37.Nxf8 Kxf8 38.f4 Kf7 39.f5 Rc7 40.Kf2 a6 41.a4
b5 42.axb5 1/2-1/2